Statistiques concernant Les featurings de Zola

Cliquez ici pour prendre le quiz!

Statistiques générales

  • Ce quiz a été pris 259 fois
    (105 depuis la dernière actualisation)
  • Le résultat moyen est 9 sur 13

Statistiques - réponses

DépartementArtisteSons% Correct
91NinhoPapers (2019)
98%
91Koba LaDFrères Ennemis (2024)
96%
BELDamsoCOEUR DE ICE (2023)
94%
93TiakolaTOUTE LA JOURNÉÉ (2023)
94%
13SCH9 1 1 3 (2020)
90%
93DadjuLa guitare suit la mélo (2023)
69%
75LetoMa jolie (2020)
67%
UnknownAteyabaFINISH HIM (2023)
59%
91KodesGhini Ghini (2021)
59%
95Key LargoAlloicizolaski4 (2019)
49%
9313 BlockKobe (2020)
47%
UnknownNonameAlloicizolaski4 (2019)
42%
91Mafia SpartiateGuap (2018)
29%

Distribution des résultats

Percentile par nombre de réponses

% des personnes avec chaque résultat

Votre développement - résultats

Vous n’avez pas pris ce quiz depuis la dernière actualisation